000
00287nam a2200109Ia 4500
008
230907s9999||||xx |||||||||||||| ||und||
082
_a
697.93
_b
SPI
100
_a
Spitler, Jeffrey D.
_9
115775
245
0
_a
Load calculation applications manual /
300
_a
x, 341 pages ;
942
_c
BK
999
_c
599525
_d
599525